000 00611nam a2200181Ia 4500
008 151202s9999||||xx |||||||||||||| ||und||
082 _bPNVM-46406
100 _aकोलारकर शरद.
245 _aदि न्यु एम्परर्स.
260 _b"मंगेश प्रकाशन ,नागपूर."
260 _c2004
300 _a189
600 _aकोलारकर शरद.
630 _aदि न्यु एम्परर्स.
700 _aकोलारकर शरद.
730 _aदि न्यु एम्परर्स.
942 _cBOOK
999 _c1312356
_d1312353